000 00865nam a2200265 4500
003 OSt
005 20260601193850.0
008 260507b1998 mx a|||| |||| 00| 0 spa d
020 _a9706430717
040 _aICI
_bspa
_cICI
050 _aTT870
_b.Z47 1998
100 1 _aZepeda Cabrera, Sergio,
_eautor
_932121
245 1 _aEsculturas de papel /
_cSergio Zepeda Cabrera
264 _aMéxico :
_bSelector,
_c1998
300 _a174 páginas :
_bilustraciones
336 _atexto
_2rdacontent
337 _asin medio
_2rdamedia
338 _avolumen
_2rdacarrier
490 _aManualidades
500 _a"Una novedosa técnica que le permitirá hacer figuras y edificios desplegables".
650 _aPapel
_xEsculturas en
_932122
650 _aTrabajos en papel
_xLiteratura juvenil
_932123
650 _aTrabajos manuales (Educación)
_932124
942 _2lcc
_cB
_n1
999 _c21810
_d21810